Más minutos en la última Premier del Arsenal - Estadísticas

Estadísticas generales
  • Esta prueba ha sido intentada 12 veces
  • La puntuación promedio es 5 de 10
Estadísticas de respuestas
Respuesta % Correcto
Thierry Henry
100%
Patrick Vieira
75%
Sol Campbell
67%
Ashley Cole
58%
Jens Lehmann
58%
Freddie Ljungberg
42%
Gilberto Silva
42%
Kolo Toure
42%
Lauren
33%
Robert Pirers
0%
No se encontraron pruebas coincidentes
Distribución de puntuación
Porcentaje de gente con cada puntuación
Porcentaje por número respondido
Historial de tus puntuaciones
No has intentado esta prueba.